000 00643nam a2200229Ia 4500
005 20251020182543.0
008 200515s9999 xx 000 0 und d
020 _a978-84-96429-41-3
082 _a747.16/M61
100 _aMinguet, Josep María
245 0 _aPlus shop
260 _aBarcelona
260 _bMonsa
260 _c2010
300 _a95 p.
300 _bil.
500 _a1 ejemplar
520 _aDiseños punteros y originalidad defines sólo en parte las acciones creativas emprendidas en la renovación de estos espacios o en su construcción desde cero
650 _aZAPATERIAS
942 _cLIB
999 _c2476
_d2476